Nba Starting Five by Last Name - Statistics

General Stats
  • This quiz has been taken 40 times
  • The average score is 19 of 50
Answer Stats
Hint Answer % Correct
PG Stephen Curry
81%
SF Lebron James
78%
PF Giannis Antetokounmpo
74%
SG Klay Thompson
63%
SG Devin Booker
56%
SF Kevin Durant
56%
C Nikola Jokic
56%
C Bam Adebayo
52%
PG Ja Morant
52%
PF Jaren Jackson Jr
52%
SF Jaylen Brown
52%
PG Luka Doncic
52%
SG Reggie Jackson
52%
C Robert Williams
52%
SG Grayson Allen
48%
SF Jayson Tatum
48%
PG Lamelo Ball
48%
PF Jimmy Butler
44%
SG John Wall
44%
C Rudy Gobert
44%
SG DeMar Derozan
41%
PF Anthony Davis
37%
C Clint Capela
37%
PG Cole Anthony
37%
SG Donovan Mitchell
37%
PF Karl-Anthony Towns
37%
PF Pascal Siakam
37%
SF Paul George
37%
PG Tyus Jones
37%
PF Zion Williamson
37%
PG Darius Garland
33%
C Domantas Sabonis
33%
SF Andrew Wiggins
30%
PF Jerami Grant
30%
PG Marcus Smart
30%
SG Anfernee Simons
26%
SF Ben Simmons
26%
SF Khris Middleton
26%
SF OG Anunoby
26%
SG Shai Gilgeous-Alexander
26%
C Evan Mobley
22%
C Myles Turner
22%
PF John Collins
19%
C Andre Drummond
15%
PG Kemba Walker
15%
C Mo Bamba
15%
PG Gary Trent
11%
SF Jae Crowder
11%
SG Jordan Clarkson
11%
PF Lauri Markkanen
11%
No matching quizzes found
Score Distribution
Percent of People with Each Score
Percentile by Number Answered
Your Score History
You have not taken this quiz